000 00435nam a2200169Ia 4500
008 230917s9999||||xx |||||||||||||| ||und||
020 _cRS599
040 _e217388
_aMAIN
041 _aEnglish
082 _a658.4092 K897A
100 _aKrishnamurthy, V
245 0 _aAt the Helm: A memoir
260 _aNoida
_bHarper Collins
_c2014
300 _axxi, 305 p.
500 _a1582 06/06/2014 916 06/06/2014 Main Budget
942 _cBK
999 _c11675
_d11675